000 00454nam a2200157Ia 4500
003 GCL
008 140319s9999 xx 000 0 ara d
040 _aGCL /
_cGCL
082 0 4 _a810.972
245 1 0 _aاجمال لحياة الادب فى مصر ايام الدولة الفاطمية والايوبية
300 _a268
490 _a100 قصة
_v0
650 0 4 _aمصر
650 0 4 _aالادب العربى - تاريخ ونقد
942 _2ddc
_cBK
999 _c43594
_d43594